The table of the Lord: (Record no. 8719)

000 -LEADER
fixed length control field 00686nam a2200205 a 4500
001 - CONTROL NUMBER
control field :::00006497$&:&@@
003 - CONTROL NUMBER IDENTIFIER
control field OkBaRHE
005 - DATE AND TIME OF LATEST TRANSACTION
control field 20000607103331.0
008 - FIXED-LENGTH DATA ELEMENTS--GENERAL INFORMATION
fixed length control field s1978 j 000 0 eng u
040 ## - CATALOGING SOURCE
Transcribing agency
100 1# - MAIN ENTRY--PERSONAL NAME
Personal name Wallis, Charles Langworthy, 1921- ,
245 14 - TITLE STATEMENT
Title The table of the Lord:
Remainder of title a communion encyclopedia.
260 ## - PUBLICATION, DISTRIBUTION, ETC. (IMPRINT)
Place of publication, distribution, etc Grand Rapids, MI., :
Name of publisher, distributor, etc Baker Book House
Date of publication, distribution, etc 1978
300 ## - PHYSICAL DESCRIPTION
Extent 228 p. ;
Dimensions 22 cm.
650 ## - SUBJECT ADDED ENTRY--TOPICAL TERM
Topical term or geographic name as entry element Communion sermons
650 ## - SUBJECT ADDED ENTRY--TOPICAL TERM
Topical term or geographic name as entry element Lord's Supper
General subdivision Prayer-books and Devotions
-- English
650 ## - SUBJECT ADDED ENTRY--TOPICAL TERM
Topical term or geographic name as entry element Lord's Supper (Liturgy)
942 ## - ADDED ENTRY ELEMENTS (KOHA)
Source of classification or shelving scheme
Koha item type Books
Copies
Full call number Date acquired Damaged status Shelving location Not for loan Permanent Location Copy number Lost status Barcode Koha item type Withdrawn status Source of classification or shelving scheme Price effective from Date last seen
BV 199 .C6W22010-04-14 General Stacks RHEMA Bible Training College1 6497Books  2010-04-142010-04-14